000 00547nam a22001937a 4500
003 OSt
005 20240709120104.0
008 240627b |||||||| |||| 00| 0 eng d
020 _a020144318x
040 _cMUST LIB
_aMUST
_dMUST
082 _a330
_219
_bPAR
100 _aParkin Michael and Bade Robin
_918251
245 _aECONOMICS
_bCanadan in the Global environment
_cParkin Michael and Robin Bade
250 _a2nd
300 _axxxii ; 1104: p .
_c26 cm.
650 _2Economics
700 _aParkin, Micheal
_915365
942 _2ddc
_cO_SHELF
999 _c8996
_d8996